Name The Food - Statistics

General Stats
  • This quiz has been taken 3,383 times
  • The average score is 16 of 25
Answer Stats
Hint Answer % Correct
A Soft Flavoured Desert Usually Eaten With A Cone Ice Cream
87%
A Large Orange Vegetable, Sometimes Used For Halloween Pumpkin
86%
The Nut In Nutella Hazlenut
85%
A Green Leafy Vegetable That Pop Eye Eats It Spinach
85%
Lolly On A Stick Lollipop
84%
An Orange Vegetable Which Rabbits Eat And Is Good For Your Eye Sight Carrot
83%
A Long Italian Pasta, Usually Eaten With Meatballs, Sauce Or Bolognese Spaghetti
82%
A Red Vegetable That Is Juicy And Can Be A Used As A Sauce Tomato
82%
Green Vegetable That Looks Like A Small Tree Broccoli
81%
Brown, Contains Cocoa Chocolate
77%
Green Vegetable Starting With (Z) Zucchini
75%
An Orange Potato That Is Cooked In The Oven Sweet Potato
74%
A Circular Bread With Lots Of Flavours And Food Such As Pineapple And Ham On It Pizza
73%
Huge Brown Nut With White Flesh And Water On The Inside Coconut
72%
A Small Circular Fruit That Is Green And Has Small Black Seeds Inside. Also Rhymes With The National Bird Of New Zealand Kiwi Fruit
72%
A Pastry Crust With Meat, Vegetables Or Apple etc Inside Of It Pie
69%
Small, Sweet Red Fruit With Tiny Hairs And Seeds With A Green Leafy Stem Strawberry
67%
A Spicey Vegetable That Makes You Teary and Used In BBQ's Onion
55%
A Scottish Delicacy Stuffed With Pork, Guts Etc Haggis
51%
Long Green Vegetable With Seeds And Liquid Inside Cucumba
49%
A Wobbly Flavoured Gelatin, Sugary Desert That Sets In The Fridge Jelly
44%
Diced Up Potatoes Fried To Make Crunchy Potato Chips
44%
A White Fluffy Texture With Crust Around It Bread
28%
A Substance Used On Food, Mainly Toasted Bread And Pizza Garlic
14%
A Bitter Substance Used In Foods And Drinks Ginger
4%
No matching quizzes found
Score Distribution
Percent of People with Each Score
Percentile by Number Answered
Your Score History
You have not taken this quiz